Quest for Good Money : Past, Present and Future.

Bibliographic Details
Main Author: Kitamura, Yukinobu.
Format: eBook
Language:English
Published: Singapore : Springer, 2022.
Edition:1st ed.
Series:Hitotsubashi University IER Economic Research Series
Subjects:
Online Access:Click to View
LEADER 01547nam a22003853i 4500
001 EBC7130691
003 MiAaPQ
005 20231204023228.0
006 m o d |
007 cr cnu||||||||
008 231204s2022 xx o ||||0 eng d
020 |a 9789811955914  |q (electronic bk.) 
020 |z 9789811955907 
035 |a (MiAaPQ)EBC7130691 
035 |a (Au-PeEL)EBL7130691 
035 |a (OCoLC)1350536222 
040 |a MiAaPQ  |b eng  |e rda  |e pn  |c MiAaPQ  |d MiAaPQ 
050 4 |a HB172.5 
100 1 |a Kitamura, Yukinobu. 
245 1 0 |a Quest for Good Money :  |b Past, Present and Future. 
250 |a 1st ed. 
264 1 |a Singapore :  |b Springer,  |c 2022. 
264 4 |c Ã2022. 
300 |a 1 online resource (159 pages) 
336 |a text  |b txt  |2 rdacontent 
337 |a computer  |b c  |2 rdamedia 
338 |a online resource  |b cr  |2 rdacarrier 
490 1 |a Hitotsubashi University IER Economic Research Series ;  |v v.48 
588 |a Description based on publisher supplied metadata and other sources. 
590 |a Electronic reproduction. Ann Arbor, Michigan : ProQuest Ebook Central, 2023. Available via World Wide Web. Access may be limited to ProQuest Ebook Central affiliated libraries.  
655 4 |a Electronic books. 
776 0 8 |i Print version:  |a Kitamura, Yukinobu  |t Quest for Good Money  |d Singapore : Springer,c2022  |z 9789811955907 
797 2 |a ProQuest (Firm) 
830 0 |a Hitotsubashi University IER Economic Research Series 
856 4 0 |u https://ebookcentral.proquest.com/lib/matrademy/detail.action?docID=7130691  |z Click to View